00000000nam 2200000za 4500
0019.816656
003CaOODSP
00520221107142309
007cr |||||||||||
008160502s2016    onc     o    f000 0 eng d
040 |aCaOODSP|beng
043 |an-cn---
0861 |aH113-24/2016-16E-PDF
24500|aPyroxasulfone |h[electronic resource].
260 |aOttawa : |bHealth Canada, |c2016.
300 |a3 p. : |btables
4901 |aProposed maximum residue limit, |x1925-0843 ; |vPMRL2016-16
500 |aIssued also in French under title: Pyraclostrobine.
500 |a“26 April 2016.”
504 |aIncludes references.
520 |aUnder the authority of the Pest Control Products Act, Health Canada’s Pest Management Regulatory Agency (PMRA) has concluded that the addition of new uses on wheat to the product label of Pyroxasulfone 85 WG, containing technical grade pyroxasulfone, is acceptable. The specific uses approved in Canada are detailed on the label of Pyroxasulfone 85 WG, Pest Control Products Act Registration Number 30572. The evaluation of this pyroxasulfone application indicated that the end-use product has value and the human health and environmental risks associated with the new use is acceptable.
530 |aIssued also in printed form.
69207|2gccst|aPesticides
69207|2gccst|aHerbicides
69207|2gccst|aSafety standards
69207|2gccst|aCertification
7101 |aCanada. |bPest Management Regulatory Agency.
77508|tPyroxasulfone |w(CaOODSP)9.816657
830#0|aProposed maximum residue limit,|x1925-0843 ; |vPMRL2016-16|w(CaOODSP)9.505147
85640|qPDF|s42 KB|uhttps://publications.gc.ca/collections/collection_2016/sc-hc/H113-24-2016-16-eng.pdf